Normal view
MARC view
Entry Topical Term
001 - CONTROL NUMBER
- control field: 16315
003 - CONTROL NUMBER IDENTIFIER
- control field: ARRUPE
005 - DATE AND TIME OF LATEST TRANSACTION
- control field: 20150312174305.0
008 - FIXED-LENGTH DATA ELEMENTS
- fixed length control field: 150312|| aca||aabn | a|a d
040 ## - CATALOGING SOURCE
- Original cataloging agency: ARRUPE
- Transcribing agency: ARRUPE
150 ## - HEADING--TOPICAL TERM
- Topical term or geographic name as entry element: Theatre
- Geographic subdivision: England
670 ## - SOURCE DATA FOUND
- Source citation: Work cat.: (ARRUPE): Harbage, A. 16312, Annals of English drama 975-1700, 1964